000 00687nam a2200277Ia 4500
005 20260324140713.0
008 008 260324s9999 xx 000 0 eng d
020 _a9781315068176
037 _aEBOOK
040 _aCRL
040 _beng
040 _cCRL
041 _2eng
041 _aeng
084 _qCRL
100 _aJanet Tod; Francis Castle; Mike Blamires
_91205415
245 0 _aIndividual Education Plans Implementing Effective Practice
260 _bTaylor and Francis
260 _c1998
365 _a
365 _b205
856 _uhttp://www.taylorfrancis.com/books/9781315068176
942 _cEBOOK
999 _c1807751
_d1807751